[Event "SLO-chT2 East"]
[Site "Brezice Maribor"]
[Date "2007.11.17"]
[Round "9"]
[White "Urek, Branko"]
[Black "Konecnik, Branko"]
[Result "1-0"]
[WhiteElo "1779"]
[BlackElo "1698"]
[PlyCount "54"]
[EventDate "2007.05.26"]
[EventType "team-tourn"]
[EventRounds "9"]
[EventCountry "SLO"]
[SourceTitle "EXT 2010"]
[Source "ChessBase"]
[SourceDate "2010.11.25"]
[SourceVersion "1"]
[SourceVersionDate "2010.11.25"]
[SourceQuality "1"]

1. d4 d5 2. Nf3 Bf5 3. c4 Nf6 4. Nc3 c6 5. Qb3 Bc8 6. cxd5 cxd5 7. Bg5 e6 8. e4 dxe4 9. Nxe4 Be7 10. Bb5+ Nbd7 11. Bxf6 gxf6 12. 0-0 Kf8 13. d5 Nb6 14. d6 Bxd6 15. Rad1 Nd5 16. Bc4 Bc7 17. Bxd5 exd5 18. Rxd5 Qe7 19. Nc5 Bb6 20. Qc3 Bxc5 21. Rxc5 Be6 22. Re1 Kg7 23. Nd4 Qd6 24. Nxe6+ fxe6 25. Rc7+ Kg6 26. Qc2+ f5 27. Re3 Rad8 1-0